[Event "Regionalliga SW 0506"]
[Site "Bayern"]
[Date "2006.04.02"]
[Round "9.7"]
[White "Nuber, Blasius"]
[Black "Hanisch, Pavel"]
[Result "1-0"]
[WhiteElo "2008"]
[BlackElo "2019"]
[PlyCount "77"]
[EventDate "2005.10.23"]
[EventType "team-tourn"]
[EventRounds "9"]
[EventCountry "GER"]
[SourceTitle "EXT 2007"]
[Source "ChessBase"]
[SourceDate "2006.11.23"]
[SourceVersion "1"]
[SourceVersionDate "2006.11.23"]
[SourceQuality "1"]

1. e4 c5 2. c3 d5 3. exd5 Qxd5 4. d4 Nf6 5. Nf3 e6 6. Be2 Nc6 7. 0-0 Be7 8. Na3 0-0 9. c4 Qd8 10. Nc2 b6 11. b3 Bb7 12. Bb2 Qc7 13. Bd3 cxd4 14. Nfxd4 Nxd4 15. Nxd4 Rfd8 16. Qe2 Bc5 17. Nf3 Qf4 18. Rad1 Bd6 19. Ne5 Rac8 20. g3 Qh6 21. Ng4 Nxg4 22. Qxg4 f5 23. Qe2 Bc5 24. Bc2 f4 25. Be4 fxg3 26. hxg3 Rxd1 27. Rxd1 Bxf2+ 28. Kxf2 Qh2+ 29. Ke3 Qh6+ 30. Kd3 Rd8+ 31. Bd4 e5 32. Bxb7 Rxd4+ 33. Kc2 Qg6+ 34. Rd3 b5 35. Bd5+ Kh8 36. Be4 Qa6 37. Kb1 bxc4 38. Rxd4 exd4 39. Qxc4 1-0

[Event "Oberliga Bayern 0506"]
[Site "Bayern"]
[Date "2005.11.27"]
[Round "3.8"]
[White "Hanisch, Pavel"]
[Black "Krug, Stefan"]
[Result "1/2-1/2"]
[WhiteElo "2031"]
[BlackElo "2087"]
[PlyCount "38"]
[EventDate "2005.10.23"]
[EventType "team-tourn"]
[EventRounds "9"]
[EventCountry "GER"]
[SourceTitle "EXT 2007"]
[Source "ChessBase"]
[SourceDate "2006.11.23"]
[SourceVersion "1"]
[SourceVersionDate "2006.11.23"]
[SourceQuality "1"]
[WhiteTeam "Muenchen Tarrasch"]
[BlackTeam "Bamberg SC"]
[WhiteTeamCountry "GER"]
[BlackTeamCountry "GER"]

1. e4 c6 2. d4 d5 3. Nd2 dxe4 4. Nxe4 Nf6 5. Nxf6+ gxf6 6. c3 Bf5 7. Nf3 Qc7 8. g3 Nd7 9. Bg2 Bg4 10. 0-0 e6 11. Re1 0-0-0 12. Qa4 Bxf3 13. Bxf3 Kb8 14. Bf4 Bd6 15. Bxd6 Qxd6 16. b4 h5 17. b5 Nb6 18. Qb3 c5 19. Rad1 c4 1/2-1/2

[Event "Oberliga Bayern 0304"]
[Site "Bayern"]
[Date "2004.01.18"]
[Round "5.8"]
[White "Linhart, Wolfgang"]
[Black "Hanisch, Pavel"]
[Result "1-0"]
[WhiteElo "2175"]
[BlackElo "2064"]
[PlyCount "67"]
[EventDate "2003.10.12"]
[EventType "team-tourn"]
[EventRounds "9"]
[EventCountry "GER"]
[SourceTitle "EXT 2006"]
[Source "ChessBase"]
[SourceDate "2005.11.24"]
[SourceVersion "1"]
[SourceVersionDate "2005.11.24"]
[SourceQuality "1"]
[WhiteTeam "Passau"]
[BlackTeam "Muenchen Tarrasch"]
[WhiteTeamCountry "GER"]
[BlackTeamCountry "GER"]

1. d4 Nf6 2. Nf3 d5 3. e3 c6 4. Bd3 Bg4 5. h3 Bh5 6. 0-0 Nbd7 7. Nbd2 e6 8. b3 Bd6 9. Bb2 0-0 10. c4 Re8 11. Rc1 e5 12. dxe5 Nxe5 13. Be2 Nxf3+ 14. Bxf3 Bg6 15. cxd5 cxd5 16. Qe2 a6 17. Rfd1 Qe7 18. Bxf6 Qxf6 19. Bxd5 Ba3 20. Rc4 Rab8 21. Nf3 h6 22. Qd2 Rbd8 23. Rd4 Rd7 24. Bc4 Rc7 25. Rd7 Rxd7 26. Qxd7 Re7 27. Qc8+ Kh7 28. Rd8 Bf5 29. Bd3 Bxd3 30. Rh8+ Kg6 31. Qg4+ Qg5 32. Nxg5 hxg5 33. h4 Re5 34. Qd4 1-0

[Event "Bad Woerishofen op 19th"]
[Site "Bad Woerishofen"]
[Date "2003.03.16"]
[Round "4"]
[White "Seidel, Sandra"]
[Black "Hanisch, Pavel"]
[Result "0-1"]
[WhiteElo "1814"]
[BlackElo "2144"]
[PlyCount "163"]
[EventDate "2003.03.13"]
[EventType "swiss"]
[EventRounds "9"]
[EventCountry "GER"]
[SourceTitle "CBM 093 Extra"]
[Source "ChessBase"]
[SourceDate "2003.05.09"]
[SourceVersion "1"]
[SourceVersionDate "2003.05.09"]
[SourceQuality "1"]

1. d4 Nf6 2. Nf3 g6 3. c4 Bg7 4. Nc3 0-0 5. e4 d6 6. Be2 Bg4 7. Be3 Nfd7 8. Nd2 Bxe2 9. Qxe2 Nc6 10. Nb3 e5 11. Qd2 a5 12. d5 Ne7 13. 0-0 a4 14. Nc1 f5 15. f3 Nf6 16. Nd3 c5 17. b3 axb3 18. axb3 Rxa1 19. Rxa1 Nh5 20. Ra7 Nf4 21. Rxb7 fxe4 22. Nxe4 Nf5 23. Nxf4 exf4 24. Bf2 Qa8 25. Rxg7+ Kxg7 26. Qb2+ Kh6 27. g4 fxg3 28. hxg3 g5 29. Nf6 Kg6 30. Ne4 Nd4 31. Nxd6 Qd8 32. Qb1+ Kh6 33. Ne4 Nxf3+ 34. Kg2 Qc8 35. Qh1+ Kg6 36. Nxc5 Qg4 37. Qb1+ Kh6 38. Qb2 Qh5 39. Ne6 Qh2+ 40. Kf1 Qh1+ 41. Ke2 Ng1+ 42. Kd3 Qf3+ 43. Be3 Qf1+ 44. Kc2 Qe2+ 45. Kb1 Qd3+ 46. Qc2 Rf1+ 47. Bc1 Qxg3 48. Qb2 Nf3 49. Qg7+ Kh5 50. Qxh7+ Kg4 51. Qe4+ Kh3 52. Qf5+ Kg2 53. Qe4 Kh2 54. Qh7+ Kg1 55. Qd3 Qe1 56. Qc2 Nd2+ 57. Kb2 Rf2 58. Nxg5 Nxc4+ 59. Ka1 Qa5+ 60. Kb1 Rxc2 61. Kxc2 Qa2+ 62. Kc3 Qa1+ 63. Kxc4 Qxc1+ 64. Kb5 Qxg5 65. Kc6 Qc1+ 66. Kd7 Qc3 67. d6 Qxb3 68. Kc7 Qc4+ 69. Kd8 Kf2 70. d7 Kf3 71. Ke7 Qc5+ 72. Kf7 Qd6 73. Ke8 Qe6+ 74. Kd8 Ke4 75. Kc7 Qc4+ 76. Kb7 Qd5+ 77. Kc7 Qc5+ 78. Kb7 Qd6 79. Kc8 Qc6+ 80. Kd8 Ke5 81. Ke7 Qe6+ 82. Kd8 0-1

[Event "Regionalliga SW 0102"]
[Site "Bayern"]
[Date "2001.11.11"]
[Round "2.8"]
[White "Wiechmann, Gernot"]
[Black "Hanisch, Pavel"]
[Result "1-0"]
[WhiteElo "1880"]
[BlackElo "2010"]
[PlyCount "123"]
[EventDate "2001.10.07"]
[EventType "team"]
[EventRounds "9"]
[EventCountry "GER"]
[SourceTitle "EXT 2003"]
[Source "ChessBase"]
[SourceDate "2002.11.25"]
[SourceVersion "1"]
[SourceVersionDate "2002.11.25"]
[SourceQuality "1"]
[WhiteTeam "Sonthofen"]
[BlackTeam "Muenchen Tarrasch"]
[WhiteTeamCountry "GER"]
[BlackTeamCountry "GER"]

1. e4 c5 2. Nc3 d6 3. d3 Nc6 4. g3 g6 5. Bg2 Bg7 6. f4 e6 7. Be3 Nge7 8. Nf3 0-0 9. 0-0 Rb8 10. Rb1 b5 11. g4 Nd4 12. Ne2 Nxf3+ 13. Rxf3 f5 14. gxf5 exf5 15. Rf2 Be6 16. a3 b4 17. axb4 Rxb4 18. c3 Rb8 19. Ng3 a5 20. Ra1 Bb3 21. Qf3 a4 22. h4 Qc7 23. h5 fxe4 24. dxe4 d5 25. hxg6 hxg6 26. Qg4 d4 27. Bd2 Qc8 28. Qxc8 Rbxc8 29. e5 g5 30. Re1 gxf4 31. Nh5 Ng6 32. Be4 Nh4 33. Bxf4 dxc3 34. bxc3 a3 35. Rh2 a2 36. Rxh4 Rcd8 37. Rg4 Rxf4 38. Rxg7+ Kf8 39. Nxf4 Kxg7 40. Bd3 Kf8 41. Kf2 c4 42. Ne6+ Ke7 43. Nxd8 cxd3 44. Ke3 Kxd8 45. Kxd3 Bf7 46. Kc2 Ke7 47. Kb2 Bd5 48. Rc1 Bc4 49. Rh1 Ke6 50. Rh4 Bd5 51. c4 Bf3 52. Kxa2 Kxe5 53. Kb3 Kd6 54. Kb4 Kc6 55. Rh6+ Kc7 56. Kc5 Be4 57. Re6 Bf5 58. Re7+ Kd8 59. Kd6 Kc8 60. c5 Bg4 61. c6 Kb8 62. c7+ 1-0

[Event "Regionalliga SW 0001"]
[Site "Bayern"]
[Date "2001.04.29"]
[Round "9"]
[White "Hanisch, Pavel"]
[Black "Waltenberger, Udo"]
[Result "0-1"]
[WhiteElo "2025"]
[BlackElo "1950"]
[PlyCount "64"]
[EventDate "2000.10.15"]
[EventType "team-tourn"]
[EventRounds "9"]
[EventCountry "GER"]
[SourceTitle "EXT 2020"]
[Source "ChessBase"]
[SourceDate "2019.10.17"]
[SourceVersion "1"]
[SourceVersionDate "2019.10.17"]
[SourceQuality "1"]
[WhiteTeam "Muenchen Tarrasch"]
[BlackTeam "Muenchen 77 Nord"]
[WhiteTeamCountry "GER"]
[BlackTeamCountry "GER"]

1. e4 c5 2. Nf3 g6 3. d4 Bg7 4. Nc3 cxd4 5. Nxd4 Nc6 6. Be3 Nf6 7. Bc4 0-0 8. Bb3 a5 9. a3 a4 10. Ba2 Ng4 11. Qxg4 Nxd4 12. Qd1 Nc6 13. 0-0 Qa5 14. f4 d6 15. f5 gxf5 16. Qh5 fxe4 17. Bxf7+ Kh8 18. Nd5 Ne5 19. Nxe7 Rxf7 20. Ng6+ Kg8 21. Nxe5 Rxf1+ 22. Rxf1 Qxe5 23. Qf7+ Kh8 24. c3 Qe6 25. Qc7 Qd7 26. Qb6 Qe7 27. Bd4 Bd7 28. Qxb7 Bxd4+ 29. cxd4 Rg8 30. Qb6 Bh3 31. Rf2 e3 32. Re2 Bxg2 0-1

[Event "Regionalliga SW 0001"]
[Site "Bayern"]
[Date "2001.01.14"]
[Round "4.5"]
[White "Wittal, Werner"]
[Black "Hanisch, Pavel"]
[Result "1-0"]
[WhiteElo "1985"]
[BlackElo "2025"]
[PlyCount "145"]
[EventDate "2000.10.15"]
[EventType "team-tourn"]
[EventRounds "9"]
[EventCountry "GER"]
[SourceTitle "EXT 2020"]
[Source "ChessBase"]
[SourceDate "2019.10.17"]
[SourceVersion "1"]
[SourceVersionDate "2019.10.17"]
[SourceQuality "1"]
[WhiteTeam "Lauingen"]
[BlackTeam "Muenchen Tarrasch"]
[WhiteTeamCountry "GER"]
[BlackTeamCountry "GER"]

1. d4 Nf6 2. Nf3 g6 3. Nc3 Bg7 4. e4 0-0 5. e5 Ne8 6. Be3 d6 7. h3 c5 8. dxc5 Nc6 9. cxd6 exd6 10. Be2 Nxe5 11. 0-0 Nf6 12. Nb5 Qa5 13. a4 Ne4 14. Qd5 Bf5 15. Nfd4 a6 16. Nb3 Qd8 17. N5d4 Nf6 18. Qxb7 Be4 19. Qb4 Nd5 20. Qd2 Nxe3 21. Qxe3 Bb7 22. f4 Nd7 23. Bf3 Re8 24. Qd2 Rb8 25. Bxb7 Rxb7 26. Rfe1 Nc5 27. Nc6 Qd7 28. Rxe8+ Qxe8 29. Nca5 Ne4 30. Qd3 Re7 31. Nc4 Qb8 32. Re1 Qa7+ 33. Kh2 f5 34. Re2 Qb7 35. Nba5 Qa8 36. Nxd6 Kh8 37. Nxe4 fxe4 38. Qd6 Qe8 39. b3 Re6 40. Qd1 Qb8 41. g3 e3 42. Nc4 h5 43. h4 Qa7 44. Qd3 g5 45. Qd8+ Kh7 46. Qxg5 Qd4 47. Qf5+ Rg6 48. Rxe3 Kh6 49. Qd3 Qc5 50. Re2 Bd4 51. c3 Bf2 52. b4 Bxg3+ 53. Kh1 Qc6+ 54. Rg2 Qe6 55. Rxg3 Qe1+ 56. Kg2 Rxg3+ 57. Qxg3 Qe2+ 58. Kh3 Qf1+ 59. Qg2 Qd3+ 60. Kh2 Qxc4 61. Qg5+ Kh7 62. Qxh5+ Kg7 63. Qe5+ Kh6 64. b5 axb5 65. axb5 Qf1 66. Qg5+ Kh7 67. h5 Qf2+ 68. Kh3 Qf3+ 69. Kh4 Qh1+ 70. Kg4 Qg2+ 71. Kf5 Qd5+ 72. Kf6 Qd6+ 73. Kf7 1-0

[Event "Regionalliga SW 0001"]
[Site "Bayern"]
[Date "2000.10.15"]
[Round "1.6"]
[White "Geyer, Thomas"]
[Black "Hanisch, Pavel"]
[Result "1/2-1/2"]
[WhiteElo "1774"]
[BlackElo "2050"]
[PlyCount "107"]
[EventDate "2000.10.15"]
[EventType "team-tourn"]
[EventRounds "9"]
[EventCountry "GER"]
[SourceTitle "EXT 2020"]
[Source "ChessBase"]
[SourceDate "2019.10.17"]
[SourceVersion "1"]
[SourceVersionDate "2019.10.17"]
[SourceQuality "1"]
[WhiteTeam "Pasing II"]
[BlackTeam "Muenchen Tarrasch"]
[WhiteTeamCountry "GER"]
[BlackTeamCountry "GER"]

1. e4 c5 2. Nc3 d6 3. g3 Nc6 4. Bg2 g6 5. d3 Bg7 6. f4 e6 7. Nf3 Nge7 8. 0-0 Rb8 9. Rb1 Bd7 10. Bd2 b5 11. a3 0-0 12. Kh1 b4 13. axb4 Nxb4 14. g4 f5 15. gxf5 exf5 16. exf5 Nxf5 17. Ne4 Nd5 18. Nfg5 Nde3 19. Bxe3 Nxe3 20. Qf3 Nxg2 21. Qxg2 Bf5 22. Ng3 Qd7 23. Qd5+ Kh8 24. c3 h6 25. N5e4 Bh3 26. Qxd6 Qxd6 27. Nxd6 Bxf1 28. Rxf1 Rxb2 29. Nge4 Rfb8 30. Nf7+ Kg8 31. Ne5 Rb1 32. Rxb1 Rxb1+ 33. Kg2 Bxe5 34. fxe5 Rc1 35. c4 a5 36. Nxc5 Re1 37. d4 Rc1 38. Kf3 Rxc4 39. Ke4 a4 40. Kd3 Rc1 41. Nxa4 g5 42. Ke4 g4 43. Nc5 h5 44. Nd7 Kf7 45. Nf6 Rc2 46. Nxh5 Rxh2 47. Nf4 Ra2 48. d5 Ra4+ 49. Ke3 Ra3+ 50. Ke4 g3 51. Ng2 Rb3 52. Kf4 Rd3 53. d6 Ke6 54. Ke4 1/2-1/2

[Event "Bad Woerishofen op 16th"]
[Site "Bad Woerishofen"]
[Date "2000.03.22"]
[Round "6"]
[White "Dintheer, Willi"]
[Black "Hanisch, Pavel"]
[Result "1-0"]
[WhiteElo "1800"]
[BlackElo "2165"]
[PlyCount "57"]
[EventDate "2000.03.??"]
[EventType "swiss"]
[EventRounds "9"]
[EventCountry "GER"]
[SourceTitle "CBM 075 Extra"]
[Source "ChessBase"]
[SourceDate "2000.05.11"]
[SourceVersion "2"]
[SourceVersionDate "2000.05.11"]
[SourceQuality "1"]

1. e4 Nf6 2. Nc3 d6 3. d4 g6 4. Nf3 Bg7 5. Be3 c6 6. h3 Nbd7 7. e5 Nd5 8. Nxd5 cxd5 9. exd6 exd6 10. Bd3 Qb6 11. Qc1 0-0 12. 0-0 Nf6 13. Bh6 Bd7 14. Bxg7 Kxg7 15. Qf4 Rfe8 16. Rfe1 Nh5 17. Qh2 f5 18. Rab1 f4 19. g4 fxg3 20. fxg3 Nf6 21. g4 Ne4 22. c3 Re6 23. Bxe4 Rxe4 24. Ng5 Rxe1+ 25. Rxe1 Re8 26. Rxe8 Bxe8 27. Qe2 Qb5 28. Qe7+ Kh6 29. h4 1-0

[Event "Bad Woerishofen op 16th"]
[Site "Bad Woerishofen"]
[Date "2000.03.21"]
[Round "5"]
[White "Hanisch, Pavel"]
[Black "Luecke, Volkmar"]
[Result "0-1"]
[WhiteElo "2165"]
[BlackElo "1945"]
[PlyCount "69"]
[EventDate "2000.03.??"]
[EventType "swiss"]
[EventRounds "9"]
[EventCountry "GER"]
[SourceTitle "CBM 075 Extra"]
[Source "ChessBase"]
[SourceDate "2000.05.11"]
[SourceVersion "2"]
[SourceVersionDate "2000.05.11"]
[SourceQuality "1"]

1. e4 e6 2. d4 d5 3. Nd2 dxe4 4. Nxe4 Nd7 5. Nf3 Ngf6 6. Bg5 Be7 7. Nxf6+ Bxf6 8. Bxf6 Nxf6 9. Bd3 0-0 10. Qe2 c5 11. 0-0-0 cxd4 12. Nxd4 Qa5 13. Kb1 Bd7 14. f4 a6 15. g4 Rfd8 16. g5 Nd5 17. Qe4 g6 18. h4 Bc6 19. Nxc6 bxc6 20. h5 Rab8 21. Kc1 Qxa2 22. hxg6 Qxb2+ 23. Kd2 hxg6 24. Rb1 Qc3+ 25. Ke2 Rxb1 26. Rxb1 Qc5 27. Kf1 a5 28. Rb7 Ne7 29. Rc7 Rd4 30. Qe3 Nf5 31. Rc8+ Kg7 32. Qh3 Rxf4+ 33. Ke1 Qf2+ 34. Kd1 Rh4 35. Qf1 0-1

[Event "Regionalliga SW 9900"]
[Site "Bayern"]
[Date "2000.??.??"]
[Round "4.6"]
[White "Hanisch, Pavel"]
[Black "Benedde, Guenter"]
[Result "1-0"]
[WhiteElo "2015"]
[BlackElo "2090"]
[PlyCount "105"]
[EventDate "1999.??.??"]
[EventType "team-tourn"]
[EventRounds "9"]
[EventCountry "GER"]
[SourceTitle "EXT 2020"]
[Source "ChessBase"]
[SourceDate "2019.10.17"]
[SourceVersion "1"]
[SourceVersionDate "2019.10.17"]
[SourceQuality "1"]
[WhiteTeam "Muenchen Tarrasch"]
[BlackTeam "Muenchen Suedost"]
[WhiteTeamCountry "GER"]
[BlackTeamCountry "GER"]

1. e4 e6 2. d4 d5 3. Nd2 Nf6 4. e5 Nfd7 5. Bd3 c5 6. c3 Nc6 7. Ne2 cxd4 8. cxd4 Be7 9. 0-0 0-0 10. Nf3 Re8 11. a3 Nf8 12. Nf4 Bd7 13. g3 Rc8 14. h4 f5 15. b4 a6 16. Ne2 Na7 17. Bg5 Nb5 18. Qb3 h6 19. Bxe7 Rxe7 20. Rac1 Be8 21. a4 Na7 22. Nf4 Rec7 23. Rc5 Qd7 24. Rfc1 Rxc5 25. bxc5 Nc6 26. Qb6 Qe7 27. Rb1 Rc7 28. Bxf5 Rd7 29. Bd3 g5 30. hxg5 hxg5 31. Ne2 Bh5 32. Kg2 Qg7 33. Rh1 Bg4 34. Qb2 Rf7 35. Nfg1 Ng6 36. f3 Bf5 37. Bxf5 Rxf5 38. Qd2 Qf7 39. g4 Rf4 40. Rh6 Qg7 41. Rxg6 Qxg6 42. Nxf4 gxf4 43. Ne2 Qg5 44. Nxf4 Ne7 45. Qc1 Ng6 46. Ne2 Qh4 47. Ng3 Kf7 48. Nh5 Nf8 49. Qf4+ Ke7 50. Qh6 Nd7 51. Qh7+ Kd8 52. Qg8+ Ke7 53. Nf4 1-0

[Event "Regionalliga SW 9900"]
[Site "Bayern"]
[Date "2000.??.??"]
[Round "5.6"]
[White "Rolle, Eric"]
[Black "Hanisch, Pavel"]
[Result "1/2-1/2"]
[WhiteElo "1975"]
[BlackElo "2015"]
[PlyCount "107"]
[EventDate "1999.??.??"]
[EventType "team-tourn"]
[EventRounds "9"]
[EventCountry "GER"]
[SourceTitle "EXT 2020"]
[Source "ChessBase"]
[SourceDate "2019.10.17"]
[SourceVersion "1"]
[SourceVersionDate "2019.10.17"]
[SourceQuality "1"]
[WhiteTeam "Klosterlechfeld"]
[BlackTeam "Muenchen Tarrasch"]
[WhiteTeamCountry "GER"]
[BlackTeamCountry "GER"]

1. Nf3 Nf6 2. b3 e6 3. Bb2 Be7 4. g3 0-0 5. Bg2 c5 6. d3 Nc6 7. 0-0 Rb8 8. c4 a6 9. e3 d6 10. Qe2 Nd7 11. d4 cxd4 12. exd4 b5 13. Na3 bxc4 14. Nxc4 a5 15. Qd2 Ba6 16. Rfc1 Nb4 17. Nxa5 Qxa5 18. a3 d5 19. axb4 Qb6 20. Bc3 Rfc8 21. Qa2 Bb5 22. Bd2 h6 23. Qa5 Qb7 24. Rxc8+ Rxc8 25. Bf1 Bxf1 26. Kxf1 Rb8 27. Bf4 Bxb4 28. Qa6 Qxa6+ 29. Rxa6 Rb7 30. Ra8+ Kh7 31. Ke2 g5 32. Bd2 g4 33. Nh4 Nf6 34. Bf4 Ne4 35. Rb8 Rxb8 36. Bxb8 Kg7 37. f3 Nc3+ 38. Kd3 h5 39. Bf4 Nb5 40. fxg4 hxg4 41. Ng2 Bc3 42. Ne3 Bxd4 43. Nxg4 f6 44. Be3 Bb2 45. Nf2 e5 46. Nd1 e4+ 47. Kc2 Be5 48. Bc5 d4 49. b4 f5 50. Kb3 Kf6 51. Kc4 Na3+ 52. Kb3 Nb5 53. Kc4 Na3+ 54. Kb3 1/2-1/2

[Event "Regionalliga SW 9900"]
[Site "Bayern"]
[Date "2000.??.??"]
[Round "6.6"]
[White "Scherer, Armin"]
[Black "Hanisch, Pavel"]
[Result "0-1"]
[WhiteElo "1960"]
[BlackElo "2015"]
[PlyCount "58"]
[EventDate "1999.??.??"]
[EventType "team-tourn"]
[EventRounds "9"]
[EventCountry "GER"]
[SourceTitle "EXT 2020"]
[Source "ChessBase"]
[SourceDate "2019.10.17"]
[SourceVersion "1"]
[SourceVersionDate "2019.10.17"]
[SourceQuality "1"]
[WhiteTeam "Augsburg SG 1873"]
[BlackTeam "Muenchen Tarrasch"]
[WhiteTeamCountry "GER"]
[BlackTeamCountry "GER"]

1. e4 c5 2. Nf3 d6 3. d4 cxd4 4. Nxd4 Nf6 5. Nc3 a6 6. Bc4 e6 7. Bb3 Nbd7 8. 0-0 Nc5 9. Re1 Be7 10. f4 Nxb3 11. axb3 0-0 12. Qf3 Rb8 13. Be3 Qc7 14. Qg3 b5 15. e5 dxe5 16. fxe5 Nh5 17. Qg4 g6 18. Kh1 Bb7 19. Bh6 Rfd8 20. Ne4 Qxe5 21. Nf3 Qxb2 22. Neg5 Nf6 23. Qh3 Ne4 24. Qh4 Nxg5 25. Bxg5 Bxg5 26. Nxg5 Qg7 27. Rf1 Rd2 28. Ne4 Rxc2 29. Nf6+ Kh8 0-1

[Event "Regionalliga SW 9900"]
[Site "Bayern"]
[Date "1999.??.??"]
[Round "2.6"]
[White "Hanisch, Pavel"]
[Black "Weissenburger, Josef"]
[Result "1-0"]
[WhiteElo "2015"]
[BlackElo "1960"]
[PlyCount "59"]
[EventDate "1999.??.??"]
[EventType "team-tourn"]
[EventRounds "9"]
[EventCountry "GER"]
[SourceTitle "EXT 2020"]
[Source "ChessBase"]
[SourceDate "2019.10.17"]
[SourceVersion "1"]
[SourceVersionDate "2019.10.17"]
[SourceQuality "1"]
[WhiteTeam "Muenchen Tarrasch"]
[BlackTeam "Lauingen"]
[WhiteTeamCountry "GER"]
[BlackTeamCountry "GER"]

1. e4 d5 2. exd5 Qxd5 3. Nc3 Qa5 4. d4 Nf6 5. Bc4 Bg4 6. f3 Bh5 7. Bd2 c6 8. Qe2 Nbd7 9. Nb5 Qb6 10. Nd6+ Kd8 11. Nxf7+ Bxf7 12. Bxf7 Qxb2 13. Rd1 Kc8 14. Qd3 e5 15. c3 exd4 16. Ne2 dxc3 17. Bxc3 Bb4 18. 0-0 Bxc3 19. Nxc3 Qa3 20. Be6 Rd8 21. Kh1 Qf8 22. Qc4 a6 23. Na4 Kb8 24. Qd4 c5 25. Nxc5 Qxc5 26. Qxc5 Nxc5 27. Rxd8+ Ka7 28. Rxa8+ Kxa8 29. Re1 Nxe6 30. Rxe6 1-0

[Event "Regionalliga SW 9900"]
[Site "Bayern"]
[Date "1999.??.??"]
[Round "3.6"]
[White "Kuhnert, Josef"]
[Black "Hanisch, Pavel"]
[Result "0-1"]
[WhiteElo "1995"]
[BlackElo "2015"]
[PlyCount "116"]
[EventDate "1999.??.??"]
[EventType "team-tourn"]
[EventRounds "9"]
[EventCountry "GER"]
[SourceTitle "EXT 2020"]
[Source "ChessBase"]
[SourceDate "2019.10.17"]
[SourceVersion "1"]
[SourceVersionDate "2019.10.17"]
[SourceQuality "1"]
[WhiteTeam "Sonthofen"]
[BlackTeam "Muenchen Tarrasch"]
[WhiteTeamCountry "GER"]
[BlackTeamCountry "GER"]

1. d4 Nf6 2. Nf3 g6 3. c4 Bg7 4. Nc3 0-0 5. e3 d6 6. Be2 Nbd7 7. 0-0 c6 8. b4 e5 9. a4 exd4 10. exd4 a5 11. b5 c5 12. Bf4 Nb6 13. dxc5 dxc5 14. Qxd8 Rxd8 15. Bc7 Re8 16. Bxb6 Nd7 17. Bc7 Bxc3 18. Ra2 Nf8 19. Rc1 Bb4 20. h3 f6 21. Nh2 Ne6 22. Bd6 Nd4 23. Bf1 h5 24. Bf4 Kf7 25. Be3 Nf5 26. Bd2 Bxd2 27. Rxd2 b6 28. Nf3 Be6 29. g4 hxg4 30. hxg4 Ng7 31. g5 Rad8 32. gxf6 Kxf6 33. Rcd1 Rxd2 34. Rxd2 Bg4 35. Nh2 Bh5 36. Bh3 Re1+ 37. Kg2 Rd1 38. Rc2 Kg5 39. Nf1 Kf4 40. Rc3 g5 41. Bc8 Ra1 42. Re3 Rxa4 43. Nd2 Bg6 44. Re7 Nh5 45. Re6 Bf5 46. Rh6 Bxc8 47. Rxh5 Ra2 48. Nf1 Bb7+ 49. Kg1 Ra1 50. Rh8 Be4 51. Rf8+ Ke5 52. Rd8 g4 53. Rd7 a4 54. f4+ Kxf4 55. Rd6 g3 56. Rxb6 g2 57. Kh2 gxf1N+ 58. Kh3 Ng3 0-1

[Event "Bayern-chI Bank Hofmann 1st"]
[Site "Bad Wiessee"]
[Date "1997.11.22"]
[Round "8"]
[White "Hanisch, Pavel"]
[Black "Rohrmueller, Ulrich"]
[Result "0-1"]
[WhiteElo "2175"]
[BlackElo "2230"]
[PlyCount "44"]
[EventDate "1997.11.15"]
[EventType "swiss"]
[EventRounds "9"]
[EventCountry "GER"]
[SourceTitle "CBM 061 Extra"]
[Source "ChessBase"]
[SourceDate "1998.03.09"]
[SourceVersion "1"]
[SourceVersionDate "1998.03.09"]
[SourceQuality "1"]

1. e4 e6 2. d4 d5 3. Nd2 Nf6 4. e5 Nfd7 5. Bd3 c5 6. c3 Nc6 7. Ne2 cxd4 8. cxd4 f6 9. Nf4 Nxd4 10. Qh5+ Ke7 11. Ng6+ hxg6 12. exf6+ Kxf6 13. Qxh8 Kf7 14. 0-0 Nc5 15. Bb1 e5 16. Nf3 Nxf3+ 17. gxf3 Qf6 18. Kg2 Bd7 19. h4 e4 20. fxe4 dxe4 21. f3 exf3+ 22. Kh1 f2 0-1